[Event "Negombo op 3rd"]
[Site "Negambo"]
[Date "2017.08.24"]
[Round "9"]
[White "Wijesekara, Bihandu Sanhinda"]
[Black "Koggala, WSTN"]
[Result "0-1"]
[WhiteElo "1287"]
[BlackElo "1543"]
[PlyCount "54"]
[EventDate "2017.08.20"]
[EventType "swiss"]
[EventRounds "10"]
[EventCountry "SRI"]
[SourceTitle "CBM 180 Extra"]
[Source "ChessBase"]
[SourceDate "2017.10.06"]
[SourceVersion "1"]
[SourceVersionDate "2017.10.06"]
[SourceQuality "1"]

1. d4 Nf6 2. Nf3 e6 3. e3 b6 4. Bd3 Bb7 5. b3 Bb4+ 6. Nbd2 0-0 7. Bb2 d6 8. c3 e5 9. cxb4 e4 10. Be2 exf3 11. Bxf3 d5 12. Qc2 Qe7 13. a3 c6 14. 0-0 Nbd7 15. Rac1 Rfe8 16. Rfd1 h6 17. g3 Rac8 18. Qd3 Ne4 19. Bxe4 dxe4 20. Qc3 Nf6 21. Nc4 Qe6 22. Kg2 Rcd8 23. Ne5 Bc8 24. Kg1 Qh3 25. Qe1 Ba6 26. Nc4 Ng4 27. Rd2 Nxh2 0-1

[Event "Negombo op 2nd"]
[Site "Negombo"]
[Date "2016.08.16"]
[Round "7"]
[White "Madusanka, LPD"]
[Black "Wijesekara, Bihandu Sanhinda"]
[Result "1-0"]
[WhiteElo "1745"]
[BlackElo "1188"]
[PlyCount "25"]
[EventDate "2016.08.13"]
[EventType "swiss"]
[EventRounds "9"]
[EventCountry "SRI"]
[SourceTitle "EXT 2019"]
[Source "ChessBase"]
[SourceDate "2018.10.10"]
[SourceVersion "1"]
[SourceVersionDate "2018.10.10"]
[SourceQuality "1"]

1. e4 d5 2. exd5 Qxd5 3. Nc3 Qd8 4. Bc4 Nf6 5. Nf3 Bg4 6. Bxf7+ Kxf7 7. Ne5+ Ke8 8. Nxg4 Nbd7 9. Nxf6+ Nxf6 10. Qf3 c6 11. 0-0 g6 12. Ne4 Bg7 13. c3 1-0